Predstavujeme banku miest a obcí Slovenska

Existencia Prvej Komunálnej banky, a.s. Žilina. Celoročná činnosť Prvej komunálnej banky (PKB). Úverová a úroková politika PKB. Konkrétne postupy pri poskytovaní úverov a iných služieb PKB. Pobočky a expozitúry PKB.

Gespeichert in:
Bibliographische Detailangaben
Format: Buchkapitel
Sprache:Slowakisch
Schlagworte:
Tags: Tag hinzufügen
Keine Tags, Fügen Sie das erste Tag hinzu!

MARC

LEADER 00000naa a2200000 4500
001 r015848
005 20221205091515.0
041 0 |a slo 
044 |a SK 
245 1 0 |a Predstavujeme banku miest a obcí Slovenska 
520 |a Existencia Prvej Komunálnej banky, a.s. Žilina. Celoročná činnosť Prvej komunálnej banky (PKB). Úverová a úroková politika PKB. Konkrétne postupy pri poskytovaní úverov a iných služieb PKB. Pobočky a expozitúry PKB. 
610 2 0 |a Prvá Komunálna banka, a.s. Žilina 
610 2 0 |a banky 
610 2 0 |a úrok 
610 2 0 |a úver bankový 
610 2 0 |a sadzby diskontné 
610 2 0 |a politika úverová